| 000 | 00661nam a2200217Ia 4500 | ||
|---|---|---|---|
| 003 | IN-BaIIA | ||
| 008 | 211028s9999 xx 000 0 eng d | ||
| 020 | _a0-7503-0209-7 | ||
| 040 | _cIIA Library | ||
| 080 |
_a524.57 _bWHI |
||
| 100 |
_aWhittet, D. C. B. _918223 |
||
| 245 | 0 |
_aDust in the galactic environment _cD. C. B. Whittet |
|
| 260 |
_aBristol _bInstitute of Physics _c1992 |
||
| 300 | _axi, 295p. | ||
| 490 | _aThe graduate series in astronomy | ||
| 650 | _aAstronomy and astrophysics thesaurus | ||
| 650 |
_aDust _910965 |
||
| 650 |
_aGalactic dust _918224 |
||
| 650 |
_aGalaxy _93368 |
||
| 942 | _cBK | ||
| 999 |
_c10681 _d10681 |
||